Statistics for Top 10 Non-English Languages of Sydney

Click here to take the quiz!

General Stats

  • This quiz has been taken 233 times
  • The average score is 8 of 10

Answer Stats

%Language% Correct
4.7Mandarin
93%
4.0Arabic
87%
1.2Spanish
85%
1.3Hindi
83%
1.3Italian
82%
2.9Cantonese
80%
2.1Vietnamese
78%
1.2Korean
73%
1.6Greek
69%
0.8Tagalog
69%

Score Distribution

Percentile by Number Answered

Percent of People with Each Score

Your Score History

You have not taken this quiz